Evaluación y conservación de biodiversidad en paisajes fragmentados de Mesoamérica (Registro nro. 20805)
[ vista simple ]
| 000 -CABECERA | |
|---|---|
| Campo de control | 00647nam a22001937a 4500 |
| 005 - FECHA Y HORA DE LA ULTIMA TRANSACCION | |
| Campo de control | 20200203115942.0 |
| 008 - ELEMENTOS DE LONGITUD FIJA—INFORMACION GENERAL | |
| Campo de control | 200203b xxu||||| |||| 00| 0 spa d |
| 020 ## - ISBN | |
| ISBN | 9789968927291 |
| 040 ## - FUENTE DE CATALOGACIÓN | |
| Agencia catalogadora original | CO-BoIAVH |
| Agencia transcriptora | CO-BoIAVH |
| 041 ## - IDIOMA | |
| Código de idioma para texto/pista de sonido o título separado | Español |
| 044 ## - PAÍS DE PUBLICACIÓN | |
| País de publicación | Costa Rica |
| 082 ## - NUMERO DE CLASIFICACION DECIMAL DEWEY | |
| Número de clasificación | 333.9516 |
| Número del ítem | H26e |
| 100 ## - ASIENTO PRINCIPAL--NOMBRE PERSONAL | |
| 9 (RLIN) | 102505 |
| Nombre personal | Harvey, Celia Alice |
| 245 ## - MENCION DE TITULO | |
| Título | Evaluación y conservación de biodiversidad en paisajes fragmentados de Mesoamérica |
| 250 ## - MENCION DE EDICION | |
| Mención de edición | Primera edición |
| 260 ## - PUBLICACION, DISTRIBUCION, ETC. (PIE DE IMPRENTA) | |
| Lugar de publicación, distribución, etc. | Santo Domingo de Heredia: |
| Nombre del editor, distribuidor, etc. | Instituto Nacional de Biodiversidad, |
| -- | INBio, |
| Fecha de publicación, distribución, etc. | 2008. |
| 300 ## - DESCRIPCION FISICA | |
| Extensión | 146 Páginas: |
| Otros detalles físicos | gráficos y fotografías, |
| Dimensiones | 28 x 22 cm. |
| 942 ## - ELEMENTOS ADICIONALES (KOHA) | |
| Sistema de clasificación | Dewey Decimal Classification |
| Tipo de ítem | Libro |
| Withdrawn status | Lost status | Sistema de Clasificación | Damaged status | No para préstamo | Colección | Ubicación Permanente | Ubicación actual | Fecha de adquisición | Total Checkouts | Número topográfico | Inventario / Código de Barras | Date last seen | Ejemplar | Price effective from | Forma de adquisición | Tipo de material |
|---|---|---|---|---|---|---|---|---|---|---|---|---|---|---|---|---|
| Dewey Decimal Classification | General | Bogotá | Bogotá | 03/02/2020 | LB-333.9516 H26e | 044161 | 03/02/2020 | Ej. 1 | 03/02/2020 | Donación | Libro |